A Quiz About Brighton, UK - Statistics

General Stats
  • This quiz has been taken 84 times
    56 since last reset
  • The average score is 8 of 15
Answer Stats
Hint Answer % Correct
Along with white what other colour Makes up the Brighton football strip? Blue
96%
In which English county is Brighton? East Sussex
90%
Brighton is on the edge of which National Park? South Downs
75%
What is the name of the former pier which burnt down? West
75%
Which pop group won the 1974 Eurovision Song Contest in Brighton? Abba
73%
In which year was the Grand Hotel bombed during the Tory Party Conference? 1984
65%
What is the name of the observation tower on the promenade? I360
65%
What is the name of the former royal palace that was sold to the council by Queen Victoria? Pavilion
56%
What is the name of the motorway that goes between London & Brighton? M23
46%
Which is the nearest Ferry Port to Brighton from which you can sail to France? Newhaven
42%
Which 1979 film, set in the 1960's was partly filmed in Brighton? Quadrophenia
38%
What was the city's full name before being shortened to Brighton? Brighthelmstone
29%
The novel, Brighton Rock, was written by which author? Graham Greene
19%
Which of Brighton's tourst areas was built in 1972? Marina
19%
Which 70's & 80's pop star was born on Shoreham-By-Sea, a small town near to Brighton? Leo Sayer
6%
No matching quizzes found
Score Distribution
Percent of People with Each Score
Percentile by Number Answered
Your Score History
You have not taken this quiz since the last reset